Hromadné hroby na Věřině cestě z roku 1945 /

Hlavní autor: Louda, Jiří, 1977-
Další autoři: Kašpar, Jakub, 1975-
Jazyk: Čeština
Vydáno: Vrchlabí : Správa Krkonošského národního parku, 2015
Témata:
Fyzický popis: 6 nečíslovaných stran : ilustrace (převážně barevné) ; 21 x 10 cm
Knihy
Uloženo v:
LEADER 01714nam a2200445 i 4500
001 001536940
003 CZ BrMZK
005 20170131101737.0
007 ta
008 160726s2015 xr a e f 000 0 cze
020 |a 978-80-87706-92-3  |q (skládanka) 
040 |a BOA001  |b cze  |e rda 
043 |a e-cs---  |a e-xr---  |b e-xr-kr  |2 czenas 
045 |a x4x4 
072 7 |x Dějiny Česka a Slovenska  |a 94(437)  |2 Konspekt  |9 8 
080 |a (=162.3):(=112.2)  |2 MRF 
080 |a 341.322.5  |2 MRF 
080 |a 94(100)"1939/1945"  |2 MRF 
080 |a (437.313)  |2 MRF 
080 |a (041)  |2 MRF 
100 1 |a Louda, Jiří,  |d 1977-  |7 xx0043761  |4 aut 
245 1 0 |a Hromadné hroby na Věřině cestě z roku 1945 /  |c text: Jiří Louda ; foto: Jakub Kašpar 
264 1 |a Vrchlabí :  |b Správa Krkonošského národního parku,  |c 2015 
300 |a 6 nečíslovaných stran :  |b ilustrace (převážně barevné) ;  |c 21 x 10 cm 
336 |a text  |b txt  |2 rdacontent 
336 |a statický obraz  |b sti  |2 rdacontent 
337 |a bez média  |b n  |2 rdamedia 
338 |a svazek  |b nc  |2 rdacarrier 
648 7 |a 1945  |7 ch460654 
648 7 |a 1939-1945  |7 ch460653 
650 0 7 |a Češi a Němci  |7 ph135237  |z Československo  |y 1945  |2 czenas 
650 0 7 |a válečné zločiny  |7 ph138039  |z Československo  |y 1945  |2 czenas 
650 0 7 |a druhá světová válka (1939-1945)  |7 ph117270  |z Československo  |y 1945  |2 czenas 
651 7 |a Špindlerův Mlýn (Česko)  |7 ge131545  |2 czenas 
655 7 |a brožury  |7 fd131925  |2 czenas 
700 1 |a Kašpar, Jakub,  |d 1975-  |7 xx0066634  |4 pht 
910 |a BOA001  |b 2-1369.936 
990 |a BK 
991 |b 201608  |c NOV 
996 6 |b 2610678595  |c 2-1369.936  |l MZK  |r Sklad / do 1 hodiny  |n 0  |p p.v.  |w 001572889  |u 000010  |a 1  |e BOA001  |j MZK50  |s P